Finis le titre de la chanson #24 - Statistiques

Statistiques générales
  • Ce quiz a été pris 153 fois
  • Le résultat moyen est 13 sur 30
Statistiques - réponses
Artistes Chanson Réponse % Correct
Indochine "Trois nuits par..." Semaine
97%
Jeannes Mas "En rouge et..." Noir
96%
Daniel Balavoine "Tous les cris les..." S.O.S.
94%
L5 "Toutes les femmes de ta..." Vie
88%
Jean-Jacques Goldman, Michael Jones "Je te..." Donne
84%
Lionel Richie "Say You, Say..." Me
82%
Corneille "Parce qu'on vient de..." Loin
80%
Emmanuel Moire, Anne-Laure Girbal "Je fais de toi mon..." Essentiel
76%
Tom Frager "Lady..." Mélody
56%
Dua Lipa "Blow Your..." Mind
56%
Céline Dion "D'amour ou d'..." Amitié
54%
Peter Gabriel "Don't Give..." Up
53%
Madonna "Open Your..." Heart
42%
Mylène Farmer "C'est une belle..." Journée
38%
Kanye West, Lupe Fiasco "Touch the..." Sky
38%
Coldplay "Adventure of a..." Lifetime
35%
Alicia Keys "If I Ain't Got..." You
35%
Dalida "Salma Ya..." Salama
34%
Queen "Who Wants To Live..." Forever
31%
Chic "I Want Your..." Love
27%
Billie Eilish "Billie Bossa..." Nova
26%
Metallica "Master Of..." Puppets
26%
Kendrick Lamar "Swimming..." Pools
15%
Beyoncé "Love On..." Top
13%
Blackpink "Pink..." Venom
12%
Inner Circle "Bad..." Boys
11%
Jamiroquai "You Give Me..." Something
5%
Iggy Pop "Real Wild..." Child
4%
Central Cee "Retail..." Therapy
4%
Culture Club "Miss Me..." Blind
2%
Aucun quiz correspondant
Distribution des résultats
% des personnes avec chaque résultat
Percentile par nombre de réponses
Votre historique - résultats
Vous n’avez pas pris ce quiz